000 00635nam a2200217 4500
001 16231
003 ES-MaACL
005 20230906151252.0
007 t|
008 000711s1996 ck ||||1| spa d
020 _a958-9482-01-5
080 _a929 Torres Restrepo, Camilo
080 _a355.425(861)
100 1 _aMeléndez Sánchez, Jorge.
_979928
245 1 2 _a--Y ahí cayó Camilo /
_cJorge Meléndez Sánchez.
260 _aSantafé de Bogota :
_bCódice,
_c1996.
300 _a256 p. :
_bil. ;
_c22 cm.
600 1 4 _aTorres Restrepo, Camilo.
_9111007
650 4 _aGuerrillas-
_zColombia.
_913268
852 4 _a BA
_jL-23426
999 _c16231
_d16231